Stades où le XV de France a évolué le plus de fois. - Statistiques

Statistiques générales
  • Ce quiz a été pris 476 fois
  • Le résultat moyen est 7 sur 15
Statistiques - réponses
Pays Ville Stade Matches % Correct
France Saint-Denis Stade de France 114
99%
France Marseille Stade Orange Vélodrome 15
83%
France Paris Parc des Princes 82
79%
Angleterre Londres Twickenham Stadium 53
72%
France Toulouse Stadium de Toulouse 14
70%
Pays de Galles Cardiff Arms Park | Principality Stadium 49
64%
France Bordeaux Stade Chaban-Delmas 10
59%
Irlande Dublin Lansdowne Road | Aviva Stadium 45
56%
Écosse Édimbourg Murrayfield Stadium 46
51%
France Colombes Stade Yves-du-Manoir 96
46%
Nouvelle-Zélande Auckland Eden Park 16
43%
Nouvelle-Zélande Christchurch AMI Stadium 10
3%
Argentine Buenos Aires Stade José Amalfitani 13
2%
Roumanie Bucarest Stade Dynamo 20
1%
Argentine Buenos Aires Stade Ricardo Etcheverri 15
1%
Aucun quiz correspondant
Distribution des résultats
% des personnes avec chaque résultat
Percentile par nombre de réponses
Votre historique - résultats
Vous n’avez pas pris ce quiz